Histoire illustrée des montres & horloges

Guardat en:
Dades bibliogràfiques
Autor principal: Jagger, C.
Format: Llibre
Idioma:Undetermined
Publicat: Paris Princesse 1977
Matèries:
Etiquetes: Afegir etiqueta
Sense etiquetes, Sigues el primer a etiquetar aquest registre!
Thư viện lưu trữ: Trung tâm Học liệu Trường Đại học Cần Thơ
LEADER 00491nam a2200193Ia 4500
001 CTU_104569
008 210402s9999 xx 000 0 und d
082 |a 381.113 
082 |b J24 
100 |a Jagger, C. 
245 0 |a Histoire illustrée des montres & horloges 
245 0 |c C. Jagger 
260 |a Paris 
260 |b Princesse 
260 |c 1977 
650 |a Clocks and watches 
650 |x History 
904 |i Truc 
980 |a Trung tâm Học liệu Trường Đại học Cần Thơ